The theory of transformations in metals and alloys
Salvato in:
| Autore principale: | |
|---|---|
| Natura: | Libro |
| Lingua: | inglese |
| Pubblicazione: |
Oxford
Elsevier Science
2002
|
| Edizione: | 3a. ed |
| Soggetti: | |
| Tags: |
Aggiungi Tag
Nessun Tag, puoi essere il primo ad aggiungerne!!
|
MARC
| LEADER | 00000nam a2200000 a 4500 | ||
|---|---|---|---|
| 001 | UCL7672 | ||
| 003 | CL-VaPUC | ||
| 008 | 040528e20020000UK |||||||||||||||||eng|d | ||
| 020 | |a 0080440193 | ||
| 082 | 0 | 4 | |a 530.474 |b CHR |2 21 |
| 100 | 0 | |a Christian, J. W |e author |9 485519 | |
| 245 | 1 | 4 | |a The theory of transformations in metals and alloys |
| 250 | |a 3a. ed | ||
| 300 | |a 2 v | ||
| 942 | |c BK | ||
| 945 | |d 20040528 00:00:00 |a cmena | ||
| 260 | |a Oxford |b Elsevier Science |c 2002 | ||
| 650 | 7 | |a TRANSFORMACIONES DE FASE |2 CL-VaPUC |9 485520 | |
| 650 | 0 | |a Física del estado solido |9 315365 | |
| 583 | |a last modification |c 20040528 00:00:00 |k Rodrigo Vera | ||
| 999 | |c 309300 |d 309298 | ||
| 952 | |0 0 |1 0 |4 0 |6 530_474000000000000_CHR_2002 |7 0 |8 A |9 376716 |a BIBCUR |b BIBCUR |d 2019-11-21 |h v.1 |i 4020588 |o 530.474 CHR 2002 |p 4020588 |r 2025-04-22 |w 2019-11-21 |y BK |k FIS | ||
| 952 | |0 0 |1 0 |4 0 |6 530_474000000000000_CHR_2002 |7 0 |8 A |9 376717 |a BIBCUR |b BIBCUR |d 2019-11-21 |h v.2 |i 4020596 |o 530.474 CHR 2002 |p 4020596 |r 2025-04-22 |w 2019-11-21 |y BK |k FIS | ||